Seattle Mariners Managers by Picture - Statistics

General Stats
  • This quiz has been taken 25 times
  • The average score is 6 of 20
Answer Stats
Picture Hint Answer % Correct
1993-2002 Lou Piniella
94%
2016-Present Scott Servais
61%
2009-2010 Don Wakamatsu
56%
2011-2013 Eric Wedge
56%
2014-2015 Lloyd McClendon
56%
2003-2004 Bob Melvin
50%
2005-2007 Mike Hargrove
50%
1986-1988 Dick Williams
39%
2008 Jim Riggleman
33%
1980-1981 Maury Wills
22%
1992 Bill Plummer
17%
1977-1980 Darrell Johnson
17%
1984-1986 Chuck Cottier
11%
1983-1984 Del Crandall
11%
1989-1991 Jim Lefebvre
11%
1988 Jim Snyder
11%
2007-2008 John McLaren
11%
1986 Marty Martínez
11%
1981-1983 Rene Lachemann
11%
2010 Daren Brown
6%
No matching quizzes found
Score Distribution
Percent of People with Each Score
Percentile by Number Answered
Your Score History
You have not taken this quiz